[Event "Titled Tuesday intern op 30th Apr Early"]
[Site "Chess.com INT"]
[Date "2024.04.30"]
[Round "3"]
[White "Baches Garcia, Guillermo"]
[Black "Kushko, Dmitriy"]
[Result "0-1"]
[WhiteElo "2322"]
[BlackElo "2445"]
[PlyCount "64"]
[EventDate "2024.04.30"]
[EventType "swiss (blitz)"]
[EventRounds "11"]
[EventCountry "USA"]
[SourceTitle "CB19_2024"]
[SourceDate "2024.05.08"]
[SourceVersion "1"]
[SourceVersionDate "2024.05.08"]
[SourceQuality "1"]

1. d4 g6 2. Nf3 Bg7 3. Bg5 c5 4. e3 Nf6 5. Nbd2 cxd4 6. exd4 0-0 7. Bd3 Nc6 8. c3 h6 9. Bh4 d6 10. 0-0 Qc7 11. Re1 e5 12. Rc1 Nh5 13. dxe5 dxe5 14. Bg3 f5 15. Nc4 Nxg3 16. hxg3 e4 17. Bxe4 fxe4 18. Rxe4 Bf5 19. Re3 Rad8 20. Qb3 Kh7 21. Rce1 g5 22. Nd4 Nxd4 23. cxd4 Rxd4 24. Re7 Qxc4 25. Qxb7 Rg8 26. Rc7 Qb4 27. Ree7 Qxb7 28. Rxb7 Rd1+ 29. Kh2 Rd2 30. Rxa7 Rxf2 31. b4 Rb2 32. Reb7 Be4 0-1

[Event "Titled Tuesday intern op 30th Apr Early"]
[Site "Chess.com INT"]
[Date "2024.04.30"]
[Round "6"]
[White "Kushko, Dmitriy"]
[Black "Ahmad, Khagan"]
[Result "1-0"]
[WhiteElo "2445"]
[BlackElo "2321"]
[PlyCount "97"]
[EventDate "2024.04.30"]
[EventType "swiss (blitz)"]
[EventRounds "11"]
[EventCountry "USA"]
[SourceTitle "CB19_2024"]
[SourceDate "2024.05.08"]
[SourceVersion "1"]
[SourceVersionDate "2024.05.08"]
[SourceQuality "1"]

1. g3 d5 2. Nf3 Nf6 3. Bg2 g6 4. b3 Bg7 5. Bb2 c5 6. c4 d4 7. b4 Qb6 8. Qb3 Nc6 9. bxc5 Qxc5 10. d3 0-0 11. 0-0 Nd7 12. Nbd2 Qa5 13. a4 a6 14. Ba3 Nc5 15. Qb1 Nxa4 16. Nb3 Qc7 17. Qc2 Bd7 18. Rab1 Nc3 19. Rbe1 b5 20. Bc5 bxc4 21. dxc4 Bf5 22. Qc1 Na5 23. Nfxd4 Bxd4 24. Nxd4 Qxc5 25. Nxf5 Rac8 26. Nh6+ Kg7 27. Qxc3+ Kxh6 28. Ra1 Nxc4 29. Rxa6 Nd6 30. Qa1 Qc3 31. Qa4 Rc4 32. Qd7 Rc7 33. Qg4 Kg7 34. e3 Rb8 35. h4 Rb4 36. Qf3 Qd3 37. Ra2 Rb1 38. Ra1 Rxf1+ 39. Rxf1 e5 40. Rd1 Qa6 41. Qd5 Rd7 42. Qxe5+ Kg8 43. Bh3 Rd8 44. Qe7 Qb6 45. Rd5 Nb7 46. Rxd8+ Nxd8 47. h5 Nc6 48. Qf6 Qb1+ 49. Kh2 1-0

[Event "Titled Tuesday intern op 30th Apr Early"]
[Site "Chess.com INT"]
[Date "2024.04.30"]
[Round "4"]
[White "Kushko, Dmitriy"]
[Black "Ferey, Antonin"]
[Result "1-0"]
[WhiteElo "2445"]
[BlackElo "2194"]
[PlyCount "77"]
[EventDate "2024.04.30"]
[EventType "swiss (blitz)"]
[EventRounds "11"]
[EventCountry "USA"]
[SourceTitle "CB19_2024"]
[SourceDate "2024.05.08"]
[SourceVersion "1"]
[SourceVersionDate "2024.05.08"]
[SourceQuality "1"]

1. g3 d5 2. Nf3 g6 3. d4 Bg7 4. Bg2 Nf6 5. c4 c6 6. b3 0-0 7. Bb2 Bg4 8. 0-0 a5 9. Nc3 Na6 10. Ne5 Be6 11. e3 dxc4 12. bxc4 Nd7 13. Nxd7 Qxd7 14. c5 Bh3 15. Bxh3 Qxh3 16. f4 Rfd8 17. Qe2 h5 18. Rab1 e6 19. Ne4 Nb4 20. Bc3 Nd5 21. Bd2 Rd7 22. Nf2 Qf5 23. e4 Qf6 24. exd5 exd5 25. Bc3 Re7 26. Qd2 Rae8 27. Rfe1 Qf5 28. Kg2 Bh6 29. h4 Bg7 30. Rxe7 Rxe7 31. Re1 Rxe1 32. Qxe1 Qc2 33. Qd2 Qxd2 34. Bxd2 Bxd4 35. Nd3 a4 36. Kf3 b5 37. cxb6 Bxb6 38. Be3 Ba5 39. Ne5 1-0

[Event "Titled Tuesday intern op 30th Apr Early"]
[Site "Chess.com INT"]
[Date "2024.04.30"]
[Round "2"]
[White "Kushko, Dmitriy"]
[Black "Sarrau, Jelle"]
[Result "1/2-1/2"]
[WhiteElo "2445"]
[BlackElo "2370"]
[PlyCount "102"]
[EventDate "2024.04.30"]
[EventType "swiss (blitz)"]
[EventRounds "11"]
[EventCountry "USA"]
[SourceTitle "CB19_2024"]
[SourceDate "2024.05.08"]
[SourceVersion "1"]
[SourceVersionDate "2024.05.08"]
[SourceQuality "1"]

1. g3 d5 2. Nf3 Nf6 3. Bg2 e6 4. 0-0 Be7 5. d3 0-0 6. Bf4 c5 7. a4 Nc6 8. e4 b6 9. e5 Nd7 10. h4 Bb7 11. Re1 a6 12. Na3 d4 13. c3 dxc3 14. bxc3 Qb8 15. Rb1 Na5 16. Nd2 Bxg2 17. Kxg2 Rd8 18. Qf3 Qc7 19. Rb2 Rab8 20. Reb1 Nxe5 21. Qe4 Bd6 22. d4 cxd4 23. cxd4 Nec6 24. Bxd6 Qxd6 25. Nac4 Qxd4 26. Qxd4 Rxd4 27. Rxb6 Rxb6 28. Rxb6 g5 29. Nxa5 Nxa5 30. Rxa6 Rxd2 31. Rxa5 gxh4 32. gxh4 Ra2 33. Ra7 Kg7 34. a5 Ra3 35. a6 Kg6 36. f3 h5 37. Kg3 f6 38. Ra8 e5 39. Kf2 Kf5 40. a7 Kf4 41. Rf8 Ra2+ 42. Ke1 Rxa7 43. Rxf6+ Kg3 44. Rf5 Kxh4 45. Rxe5 Kg3 46. Rxh5 Kxf3 47. Rh3+ Kg4 48. Rd3 Re7+ 49. Kd2 Re4 50. Re3 Kf4 51. Rxe4+ Kxe4 1/2-1/2

[Event "Titled Tuesday intern op 30th Apr Early"]
[Site "Chess.com INT"]
[Date "2024.04.30"]
[Round "1"]
[White "Saragih, Arif Rahman"]
[Black "Kushko, Dmitriy"]
[Result "0-1"]
[WhiteElo "2245"]
[BlackElo "2445"]
[PlyCount "62"]
[EventDate "2024.04.30"]
[EventType "swiss (blitz)"]
[EventRounds "11"]
[EventCountry "USA"]
[SourceTitle "CB19_2024"]
[SourceDate "2024.05.08"]
[SourceVersion "1"]
[SourceVersionDate "2024.05.08"]
[SourceQuality "1"]

1. e4 g6 2. d4 Bg7 3. Be3 d6 4. Nc3 a6 5. h4 h6 6. Qd2 b5 7. 0-0-0 Bb7 8. f3 Nd7 9. g4 e6 10. Be2 Ne7 11. Nh3 c5 12. Nf2 Qc7 13. dxc5 dxc5 14. Bf4 Ne5 15. h5 g5 16. Bxe5 Bxe5 17. Nd3 0-0-0 18. Qe1 Bg3 19. Qg1 c4 20. Nb4 Bf4+ 21. Kb1 Rxd1+ 22. Bxd1 Rd8 23. Qa7 Qd6 24. Be2 Qxb4 25. a3 Qd6 26. Rd1 Qc7 27. Rxd8+ Qxd8 28. Qc5+ Nc6 29. a4 Qd6 30. Qb6 Nd4 31. axb5 Qxb6 0-1

[Event "Titled Tuesday intern op 23rd Apr Late"]
[Site "Chess.com INT"]
[Date "2024.04.23"]
[Round "2"]
[White "Kushko, Dmitriy"]
[Black "Ankerst, Mihael"]
[Result "1-0"]
[WhiteElo "2445"]
[BlackElo "2361"]
[PlyCount "49"]
[EventDate "2024.04.23"]
[EventType "swiss (blitz)"]
[EventRounds "11"]
[EventCountry "USA"]
[SourceTitle "CB18_2024"]
[SourceDate "2024.05.01"]
[SourceVersion "1"]
[SourceVersionDate "2024.05.01"]
[SourceQuality "2"]

1. g3 h5 2. Nf3 Nc6 3. d4 d6 4. c4 e5 5. dxe5 Nxe5 6. Bg2 Nxf3+ 7. Bxf3 h4 8. Nc3 hxg3 9. hxg3 Rxh1+ 10. Bxh1 c6 11. Bf4 Qb6 12. Qd2 Be6 13. b3 0-0-0 14. Rc1 f5 15. Nd5 Qa6 16. b4 Kb8 17. b5 Qa4 18. bxc6 bxc6 19. Nb4 Ne7 20. Bxd6+ Kc8 21. c5 Nd5 22. Nxd5 cxd5 23. Bxd5 Qd7 24. Bf3 Qf7 25. Qa5 1-0

[Event "Titled Tuesday intern op 23rd Apr Late"]
[Site "Chess.com INT"]
[Date "2024.04.23"]
[Round "9"]
[White "Kushko, Dmitriy"]
[Black "Korchynskyi, Mykola"]
[Result "1-0"]
[WhiteElo "2445"]
[BlackElo "2329"]
[PlyCount "277"]
[EventDate "2024.04.23"]
[EventType "swiss (blitz)"]
[EventRounds "11"]
[EventCountry "USA"]
[SourceTitle "CB18_2024"]
[SourceDate "2024.05.01"]
[SourceVersion "1"]
[SourceVersionDate "2024.05.01"]
[SourceQuality "2"]

1. g3 d5 2. Nf3 Nf6 3. Bg2 Bf5 4. 0-0 e6 5. c4 c6 6. Qb3 Qc8 7. d3 Nbd7 8. cxd5 exd5 9. Nc3 Be7 10. e4 dxe4 11. dxe4 Be6 12. Qc2 h6 13. Nd4 Nb6 14. b3 0-0 15. Be3 Rd8 16. Rad1 Bb4 17. Nce2 Bd6 18. f4 Ng4 19. Bc1 Bf8 20. h3 Nf6 21. g4 c5 22. Nxe6 Qxe6 23. Nc3 Rd4 24. Be3 Rxd1 25. Rxd1 c4 26. e5 Ne8 27. Bxb7 Rb8 28. Bf3 cxb3 29. axb3 Rc8 30. Qb2 Rb8 31. Qa2 Rc8 32. Nb5 Bc5 33. Bxc5 Rxc5 34. Nd4 Qe7 35. Nf5 Qc7 36. Rd2 Rc1+ 37. Kh2 Qc5 38. Rg2 Nc7 39. Nd6 Ne6 40. Qxa7 Qc7 41. Qxc7 Rxc7 42. f5 Nd4 43. Bd1 Re7 44. Rd2 Nc6 45. Kg3 Rxe5 46. Bf3 Ne7 47. Rc2 f6 48. Rc7 Nbd5 49. Rc5 Re3 50. Kf2 Rd3 51. Nc4 Nf4 52. h4 Ned5 53. Rc8+ Kf7 54. Nd6+ Ke7 55. Ne4 Rxb3 56. Ra8 Rb2+ 57. Kg3 Ne2+ 58. Bxe2 Rxe2 59. Ra7+ Kf8 60. Nc5 Re7 61. Ne6+ Kf7 62. Ra8 Re8 63. Rxe8 Kxe8 64. Nxg7+ Kf7 65. Nh5 Ne7 66. Kf4 Nd5+ 67. Ke4 Nc3+ 68. Kf3 Nb5 69. Nf4 Nd4+ 70. Ke4 Nc2 71. Nd3 Na3 72. Kd5 Nc2 73. Ke4 Na3 74. Nb2 Nb5 75. Nc4 Nc3+ 76. Kd4 Nd1 77. Nd6+ Ke7 78. Ne4 Nb2 79. Nc3 Kd6 80. h5 Ke7 81. Kc5 Nd3+ 82. Kd4 Ne5 83. Nd5+ Kf7 84. Ne3 Nf3+ 85. Ke4 Ne5 86. Kf4 Nd3+ 87. Kg3 Ne5 88. Ng2 Nd3 89. Nf4 Nc5 90. Nd5 Ne4+ 91. Kf4 Nd2 92. Ne3 Nb3 93. Nc2 Nc5 94. Ke3 Nd7 95. Nd4 Ne5 96. Kf4 Nd3+ 97. Kg3 Ne5 98. Ne6 Nc4 99. Nd8+ Ke7 100. Nc6+ Kf7 101. Nb4 Nd6 102. Nd3 Ne4+ 103. Kh4 Nd2 104. Nf4 Nf3+ 105. Kh3 Ne5 106. Ng6 Nc4 107. Kg3 Nd6 108. Nf4 Ne4+ 109. Kf3 Nd2+ 110. Ke2 Nc4 111. Nd5 Ne5 112. Ne3 Nc6 113. Kd3 Ne5+ 114. Ke4 Nc6 115. Kd5 Ne5 116. Kd6 Nd3 117. Nc4 Nf2 118. Kd7 Nxg4 119. Nd6+ Kg7 120. Ke6 Kf8 121. Nc8 Kg7 122. Nd6 Kf8 123. Nb5 Kg7 124. Nc7 Kf8 125. Nd5 Kg7 126. Ke7 Nh2 127. Nxf6 Nf3 128. Ne8+ Kg8 129. Kf6 Nd4 130. Kg6 Kf8 131. Nd6 Ke7 132. Ne4 Kf8 133. f6 Nc6 134. Kxh6 Ne5 135. Kg5 Kf7 136. Kf5 Nf3 137. Ng5+ Nxg5 138. Kxg5 Kf8 139. Kg6 1-0

[Event "Titled Tuesday intern op 23rd Apr Late"]
[Site "Chess.com INT"]
[Date "2024.04.23"]
[Round "7"]
[White "Kushko, Dmitriy"]
[Black "Martinez Alcantara, Jose Eduardo"]
[Result "0-1"]
[WhiteElo "2445"]
[BlackElo "2603"]
[PlyCount "90"]
[EventDate "2024.04.23"]
[EventType "swiss (blitz)"]
[EventRounds "11"]
[EventCountry "USA"]
[SourceTitle "CB18_2024"]
[SourceDate "2024.05.01"]
[SourceVersion "1"]
[SourceVersionDate "2024.05.01"]
[SourceQuality "2"]

1. g3 c5 2. Bg2 Nc6 3. f4 g6 4. Nf3 Bg7 5. 0-0 d6 6. e4 e6 7. c3 Nge7 8. Kh1 0-0 9. d3 b6 10. Be3 Qd7 11. d4 cxd4 12. cxd4 Ba6 13. Rf2 d5 14. e5 Nf5 15. Bc1 Rac8 16. Nc3 f6 17. g4 Nfe7 18. Be3 fxe5 19. fxe5 Na5 20. Qe1 Nc4 21. Bc1 b5 22. b3 Na5 23. Ba3 Nac6 24. Bc5 b4 25. Na4 Rf4 26. h3 Rcf8 27. Rd1 Bb5 28. Nb2 h6 29. Nd3 Re4 30. Qd2 g5 31. Nfe1 Rxf2 32. Qxf2 Ng6 33. Bxe4 dxe4 34. Nxb4 Nf4 35. Rd2 Nxb4 36. Bxb4 Nd5 37. Nc2 e3 38. Nxe3 Nxb4 39. Nc4 Bc6+ 40. Kh2 Nd5 41. h4 Nf4 42. d5 Bxd5 43. hxg5 hxg5 44. Qc5 Bf8 45. Nd6 Qh7+ 0-1

[Event "Titled Tuesday intern op 23rd Apr Late"]
[Site "Chess.com INT"]
[Date "2024.04.23"]
[Round "10"]
[White "Prestia, Paris"]
[Black "Kushko, Dmitriy"]
[Result "0-1"]
[WhiteElo "2059"]
[BlackElo "2445"]
[PlyCount "85"]
[EventDate "2024.04.23"]
[EventType "swiss (blitz)"]
[EventRounds "11"]
[EventCountry "USA"]
[SourceTitle "CB18_2024"]
[SourceDate "2024.05.01"]
[SourceVersion "1"]
[SourceVersionDate "2024.05.01"]
[SourceQuality "2"]

1. Nf3 g6 2. g3 Bg7 3. Bg2 f5 4. 0-0 Nh6 5. d4 0-0 6. c4 Nc6 7. Nc3 d6 8. d5 Na5 9. Qd3 c5 10. Ng5 Ng4 11. b3 Ne5 12. Qc2 h6 13. Ne6 Bxe6 14. dxe6 Qc8 15. f4 Nec6 16. Bb2 Kh7 17. e4 Qxe6 18. exf5 gxf5 19. Rfe1 Qf7 20. Rad1 Nd4 21. Qd3 Nac6 22. Nd5 e6 23. Ne3 Kh8 24. Bc3 Rad8 25. h3 a6 26. Kh2 b5 27. cxb5 axb5 28. Bxc6 Nxc6 29. Bxg7+ Qxg7 30. Qxb5 Nd4 31. Qd3 Nf3+ 32. Kg2 Nxe1+ 33. Rxe1 Rg8 34. Nc4 e5 35. Rf1 Qb7+ 36. Kh2 e4 37. Qc3+ Qg7 38. Qe3 d5 39. Ne5 d4 40. Qf2 d3 41. g4 fxg4 42. Rg1 d2 43. Rxg4 0-1

[Event "Titled Tuesday intern op 16th Apr Early"]
[Site "Chess.com INT"]
[Date "2024.04.16"]
[Round "9"]
[White "Kushko, Dmitriy"]
[Black "Hristodoulou, Panagiotis"]
[Result "1-0"]
[WhiteElo "2445"]
[BlackElo "2376"]
[PlyCount "123"]
[EventDate "2024.04.16"]
[EventType "swiss (blitz)"]
[EventRounds "11"]
[EventCountry "USA"]
[SourceTitle "CB17_2024"]
[SourceDate "2024.04.24"]
[SourceVersion "1"]
[SourceVersionDate "2024.04.24"]
[SourceQuality "1"]

1. g3 Nf6 2. Bg2 d5 3. Nf3 c6 4. 0-0 Bg4 5. h3 Bh5 6. d4 e6 7. c4 Be7 8. Nc3 Nbd7 9. cxd5 exd5 10. Nh4 0-0 11. Nf5 Re8 12. Nxe7+ Qxe7 13. Qd2 Nb6 14. b3 Nc8 15. f3 Bg6 16. Re1 b5 17. Bb2 a5 18. a4 b4 19. Nd1 Nd6 20. Rc1 Rac8 21. g4 Nd7 22. Qf4 Red8 23. Nf2 c5 24. dxc5 Nxc5 25. Qd4 Ne6 26. Qe5 Kh8 27. f4 f6 28. Qe3 Be4 29. Nxe4 dxe4 30. f5 Ng5 31. Rxc8 Rxc8 32. Rd1 Ngf7 33. Bd4 h6 34. Qf4 Rc2 35. Rd2 Qc7 36. Kh2 Rxd2 37. Qxd2 Nxf5+ 38. Kg1 Nxd4 39. Qxd4 Ng5 40. h4 Ne6 41. Qxe4 Qc1+ 42. Kf2 Qc5+ 43. e3 Qd6 44. Qa8+ Qd8 45. Qxd8+ Nxd8 46. Bd5 g6 47. Ke2 Kg7 48. Kd3 f5 49. gxf5 gxf5 50. Kc4 Kf6 51. Kb5 Ke5 52. Bf3 f4 53. exf4+ Kxf4 54. Bd1 Kg3 55. h5 Nb7 56. Kb6 Nd6 57. Kxa5 Ne4 58. Kxb4 Nf2 59. Be2 Ne4 60. a5 Nf6 61. a6 Nd5+ 62. Ka5 1-0

[Event "Titled Tuesday intern op 16th Apr Early"]
[Site "Chess.com INT"]
[Date "2024.04.16"]
[Round "6"]
[White "Kushko, Dmitriy"]
[Black "Rogov, Matfey"]
[Result "1-0"]
[WhiteElo "2445"]
[BlackElo "2191"]
[PlyCount "113"]
[EventDate "2024.04.16"]
[EventType "swiss (blitz)"]
[EventRounds "11"]
[EventCountry "USA"]
[SourceTitle "CB17_2024"]
[SourceDate "2024.04.24"]
[SourceVersion "1"]
[SourceVersionDate "2024.04.24"]
[SourceQuality "1"]

1. g3 e5 2. c4 Nf6 3. Bg2 c6 4. Nf3 e4 5. Nd4 d5 6. cxd5 Qxd5 7. e3 Na6 8. Nc3 Qe5 9. d3 Nc5 10. dxe4 Nfxe4 11. 0-0 Nxc3 12. bxc3 Be7 13. a4 0-0 14. Ba3 Re8 15. a5 a6 16. Qc2 Ne6 17. Rfb1 Bxa3 18. Rxa3 h6 19. h4 Qc5 20. Qb2 Nc7 21. Qb4 Qe5 22. Qb6 c5 23. Nf3 Qe7 24. c4 Bf5 25. Rc1 Rab8 26. Nd2 Red8 27. Nb3 Ne6 28. Bd5 Nc7 29. Qxc5 Qxc5 30. Nxc5 Nxd5 31. cxd5 Rxd5 32. e4 Rxc5 33. Rxc5 Bxe4 34. f3 Bc6 35. Rd3 Re8 36. Kf2 Kh7 37. h5 Re6 38. g4 Rf6 39. Kg3 Re6 40. Rf5 Re7 41. Rd8 f6 42. Rd2 Re3 43. Kf2 Ra3 44. Re2 Bb5 45. Re7 Ra2+ 46. Kg3 Bf1 47. Rxf6 Rg2+ 48. Kf4 Bc4 49. Rf8 Bb5 50. Rc8 Ra2 51. Rcc7 Ra4+ 52. Kf5 Bd3+ 53. Ke5 Rxa5+ 54. Kd4 Ra3 55. Rxg7+ Kh8 56. Rgd7 Bh7 57. Rxh7+ 1-0

[Event "Titled Tuesday intern op 16th Apr Early"]
[Site "Chess.com INT"]
[Date "2024.04.16"]
[Round "3"]
[White "Kushko, Dmitriy"]
[Black "Vargas, Mauricio"]
[Result "1-0"]
[WhiteElo "2445"]
[BlackElo "1974"]
[PlyCount "53"]
[EventDate "2024.04.16"]
[EventType "swiss (blitz)"]
[EventRounds "11"]
[EventCountry "USA"]
[SourceTitle "CB17_2024"]
[SourceDate "2024.04.24"]
[SourceVersion "1"]
[SourceVersionDate "2024.04.24"]
[SourceQuality "1"]

1. g3 e5 2. c4 Nc6 3. Bg2 f5 4. Nc3 Nf6 5. e3 g6 6. Nge2 Bg7 7. d4 e4 8. f3 exf3 9. Bxf3 0-0 10. 0-0 d6 11. Nf4 Re8 12. Qc2 Nb4 13. Qg2 c6 14. a3 Nd3 15. Nxd3 Be6 16. b3 Bf7 17. Bd2 g5 18. h4 gxh4 19. gxh4 Kh8 20. Kh1 Rg8 21. Qh3 Bg6 22. Nf4 Ne4 23. Bxe4 fxe4 24. Nxg6+ hxg6 25. Nxe4 c5 26. Ng5 cxd4 27. Nf7+ 1-0

[Event "Titled Tuesday intern op 16th Apr Early"]
[Site "Chess.com INT"]
[Date "2024.04.16"]
[Round "5"]
[White "Novoselov, Roman"]
[Black "Kushko, Dmitriy"]
[Result "0-1"]
[WhiteElo "2279"]
[BlackElo "2445"]
[PlyCount "60"]
[EventDate "2024.04.16"]
[EventType "swiss (blitz)"]
[EventRounds "11"]
[EventCountry "USA"]
[SourceTitle "CB17_2024"]
[SourceDate "2024.04.24"]
[SourceVersion "1"]
[SourceVersionDate "2024.04.24"]
[SourceQuality "1"]

1. e4 c5 2. Nf3 Nc6 3. d4 cxd4 4. Nxd4 Nf6 5. Nc3 e5 6. Ndb5 d6 7. Bg5 a6 8. Na3 b5 9. Nd5 Be7 10. Bxf6 Bxf6 11. c3 0-0 12. Nc2 Rb8 13. a4 bxa4 14. Ncb4 Nxb4 15. Nxb4 Bb7 16. f3 a5 17. Nd3 Bc6 18. Be2 Qb6 19. Qd2 Rfd8 20. h4 d5 21. exd5 Rxd5 22. Qc2 Qe3 23. Nf2 Be7 24. h5 h6 25. Ng4 Qf4 26. Nf2 Bh4 27. Rd1 Rxd1+ 28. Bxd1 Qe3+ 29. Kf1 Bb5+ 30. Kg1 Qe1+ 0-1

[Event "Titled Tuesday intern op 16th Apr Late"]
[Site "Chess.com INT"]
[Date "2024.04.16"]
[Round "11"]
[White "Wu, Derek"]
[Black "Kushko, Dmitriy"]
[Result "0-1"]
[WhiteElo "2295"]
[BlackElo "2445"]
[PlyCount "62"]
[EventDate "2024.04.16"]
[EventType "swiss (blitz)"]
[EventRounds "11"]
[EventCountry "USA"]
[SourceTitle "CB17_2024"]
[SourceDate "2024.04.24"]
[SourceVersion "1"]
[SourceVersionDate "2024.04.24"]
[SourceQuality "1"]

1. d4 f5 2. Nf3 Nf6 3. g3 e6 4. Bg2 Be7 5. 0-0 Ne4 6. Nbd2 Nc6 7. c4 d5 8. b3 a5 9. Bb2 h5 10. h4 g5 11. Nxe4 fxe4 12. Nxg5 Bxg5 13. hxg5 Qxg5 14. Qc1 Qg4 15. f3 exf3 16. Rxf3 Nxd4 17. Bxd4 Qxd4+ 18. e3 Qe5 19. Qf1 Bd7 20. cxd5 exd5 21. Re1 0-0-0 22. e4 dxe4 23. Rf4 Rhg8 24. Rexe4 Qg5 25. Re3 h4 26. gxh4 Qc5 27. Qf3 Bc6 28. Qh3+ Kb8 29. Rc4 Rxg2+ 30. Qxg2 Qxe3+ 31. Qf2 Rd1+ 0-1

[Event "Titled Tuesday intern op 02nd Apr Early"]
[Site "Chess.com INT"]
[Date "2024.04.02"]
[Round "8"]
[White "Ambartsumova, Karina"]
[Black "Kushko, Dmitriy"]
[Result "0-1"]
[WhiteElo "2406"]
[BlackElo "2445"]
[PlyCount "58"]
[EventDate "2024.04.02"]
[EventType "swiss (blitz)"]
[EventRounds "11"]
[EventCountry "USA"]
[SourceTitle "CB15_2024"]
[SourceDate "2024.04.10"]
[SourceVersion "1"]
[SourceVersionDate "2024.04.10"]
[SourceQuality "1"]

1. d4 g6 2. e4 Bg7 3. Nc3 d6 4. Bg5 a6 5. Qd2 b5 6. f4 Bb7 7. Nf3 Nd7 8. Bd3 c5 9. d5 Ngf6 10. a3 Qb6 11. Qf2 c4 12. Qxb6 Nxb6 13. Be2 e6 14. dxe6 Nxe4 15. Nxe4 Bxe4 16. exf7+ Kxf7 17. 0-0-0 Na4 18. Nd4 Bxg2 19. Rhg1 Be4 20. c3 Nc5 21. Kd2 Rhe8 22. Rde1 Bd5 23. Bg4 Ne4+ 24. Kc2 Nf2 25. Bf3 Bxf3 26. Nxf3 Nd3 27. Rxe8 Rxe8 28. Rg2 Re3 29. Rg3 Rxf3 0-1

[Event "Titled Tuesday intern op 02nd Apr Early"]
[Site "Chess.com INT"]
[Date "2024.04.02"]
[Round "1"]
[White "Espinoza Palomino, Willyam"]
[Black "Kushko, Dmitriy"]
[Result "0-1"]
[WhiteElo "2392"]
[BlackElo "2445"]
[PlyCount "60"]
[EventDate "2024.04.02"]
[EventType "swiss (blitz)"]
[EventRounds "11"]
[EventCountry "USA"]
[SourceTitle "CB15_2024"]
[SourceDate "2024.04.10"]
[SourceVersion "1"]
[SourceVersionDate "2024.04.10"]
[SourceQuality "1"]

1. e4 g6 2. d4 Bg7 3. Nc3 d6 4. Be3 a6 5. Qd2 b5 6. h4 h6 7. 0-0-0 Bb7 8. f3 Nd7 9. Nh3 e6 10. Nf4 Ne7 11. Kb1 c5 12. dxc5 dxc5 13. Bxb5 axb5 14. Nxb5 0-0 15. Qxd7 Qa5 16. a3 Bc6 17. Qxe7 Qxb5 18. Nd3 Rxa3 19. Qxc5 Rfa8 20. Kc1 Rxd3 21. Rxd3 Ra1+ 22. Kd2 Rxh1 23. Rd8+ Kh7 24. Qxb5 Bxb5 25. Rb8 Bf1 26. Rb7 Bxg2 27. Rxf7 Kg8 28. Rb7 Bxf3 29. Rb8+ Kh7 30. Rb7 Bxe4 0-1

[Event "Titled Tuesday intern op 02nd Apr Late"]
[Site "Chess.com INT"]
[Date "2024.04.02"]
[Round "8"]
[White "Kashefi, Amir Hossein"]
[Black "Kushko, Dmitriy"]
[Result "1-0"]
[WhiteElo "2193"]
[BlackElo "2445"]
[PlyCount "119"]
[EventDate "2024.04.02"]
[EventType "swiss (blitz)"]
[EventRounds "11"]
[EventCountry "USA"]
[SourceTitle "CB15_2024"]
[SourceDate "2024.04.10"]
[SourceVersion "1"]
[SourceVersionDate "2024.04.10"]
[SourceQuality "1"]

1. Nf3 g6 2. g3 Bg7 3. d4 d6 4. Bg2 Nf6 5. 0-0 0-0 6. b3 e5 7. dxe5 dxe5 8. Ba3 Qxd1 9. Rxd1 Re8 10. Bb2 e4 11. Nd4 a6 12. c4 Ng4 13. Nc3 e3 14. f4 Nf2 15. Nd5 Nxd1 16. Rxd1 Ra7 17. Nxc7 Rd8 18. Nd5 Nc6 19. Nxc6 bxc6 20. Ne7+ Kf8 21. Rxd8+ Kxe7 22. Rxc8 Bxb2 23. Bxc6 a5 24. Kg2 Bd4 25. Kf3 f5 26. Re8+ Kf6 27. Bd5 Kg7 28. h3 h5 29. g4 hxg4+ 30. hxg4 fxg4+ 31. Kxg4 Rc7 32. Re6 Kh7 33. Be4 a4 34. Rxg6 Kh8 35. Rd6 Bc5 36. Rd5 axb3 37. axb3 Kg7 38. Rh5 Rc8 39. Bf5 Rb8 40. Bc2 Bd4 41. Rh7+ Kf6 42. Rh6+ Kg7 43. Rg6+ Kf7 44. f5 Ra8 45. Kf4 Ra2 46. Bd3 Ra1 47. Ke4 Bc5 48. Rc6 Ba7 49. c5 Ke7 50. f6+ Kd7 51. Bb5 Kd8 52. f7 Rf1 53. Bc4 Kd7 54. Rd6+ Ke7 55. b4 Bb8 56. Rd4 Rf5 57. Kxe3 Kf8 58. Re4 Be5 59. Kd3 Kg7 60. e3 1-0

[Event "Titled Tuesday intern op 02nd Apr Early"]
[Site "Chess.com INT"]
[Date "2024.04.02"]
[Round "2"]
[White "Kushko, Dmitriy"]
[Black "Antoniou, Rafail"]
[Result "1-0"]
[WhiteElo "2445"]
[BlackElo "2036"]
[PlyCount "67"]
[EventDate "2024.04.02"]
[EventType "swiss (blitz)"]
[EventRounds "11"]
[EventCountry "USA"]
[SourceTitle "CB15_2024"]
[SourceDate "2024.04.10"]
[SourceVersion "1"]
[SourceVersionDate "2024.04.10"]
[SourceQuality "1"]

1. Nf3 d5 2. e3 e6 3. c4 Nf6 4. Nc3 dxc4 5. Bxc4 a6 6. 0-0 b5 7. Bb3 Bb7 8. d4 Nbd7 9. e4 Be7 10. e5 Nd5 11. Nxd5 exd5 12. Bc2 Nf8 13. Ne1 c5 14. f4 cxd4 15. f5 Qb6 16. Nd3 0-0-0 17. Qg4 Kb8 18. Qxg7 Nd7 19. Qxf7 Rde8 20. f6 Rhf8 21. Qxh7 Nxf6 22. exf6 Bxf6 23. Bh6 Rh8 24. Qg6 Bd8 25. Qxb6 Bxb6 26. Bf4+ Ka7 27. Rae1 Rc8 28. Bd1 a5 29. Re7 Ka8 30. Be5 Rhe8 31. Rxe8 Rxe8 32. Rf4 b4 33. Bxd4 Bc7 34. Rf7 1-0

[Event "Titled Tuesday intern op 02nd Apr Early"]
[Site "Chess.com INT"]
[Date "2024.04.02"]
[Round "9"]
[White "Kushko, Dmitriy"]
[Black "Demchenko, Anton"]
[Result "1/2-1/2"]
[WhiteElo "2445"]
[BlackElo "2609"]
[PlyCount "131"]
[EventDate "2024.04.02"]
[EventType "swiss (blitz)"]
[EventRounds "11"]
[EventCountry "USA"]
[SourceTitle "CB15_2024"]
[SourceDate "2024.04.10"]
[SourceVersion "1"]
[SourceVersionDate "2024.04.10"]
[SourceQuality "1"]

1. g3 Nf6 2. Bg2 g6 3. d4 Bg7 4. e4 d6 5. Nc3 0-0 6. Nf3 Nbd7 7. 0-0 e5 8. h3 b6 9. a4 a6 10. Be3 Bb7 11. dxe5 dxe5 12. Nd2 Re8 13. Nc4 a5 14. Re1 Ba6 15. Bf1 h5 16. Bg5 Qc8 17. Bxf6 Nxf6 18. Ne3 Bxf1 19. Rxf1 Qxh3 20. Qf3 Qe6 21. Ncd5 Nxd5 22. Nxd5 Rec8 23. c3 Rab8 24. Rfd1 c6 25. Ne3 Rd8 26. Rxd8+ Rxd8 27. Rd1 Rf8 28. Qe2 Rb8 29. Qc4 Qxc4 30. Nxc4 b5 31. axb5 Rxb5 32. Rd8+ Kh7 33. Rc8 Rc5 34. Nd6 Bh6 35. Nxf7 Bc1 36. Rb8 a4 37. Rb7 Rb5 38. Nd6+ Rxb7 39. Nxb7 Bxb2 40. Nc5 a3 41. Nb3 Bxc3 42. Nc1 a2 43. Nxa2 Bd2 44. Kf1 g5 45. Ke2 Ba5 46. Nc1 Kg6 47. Nb3 Bc7 48. Nd2 Bd6 49. Nc4 Bc7 50. Kf3 Kf6 51. Ke2 h4 52. Kf3 h3 53. g4 h2 54. Kg2 Ke6 55. Kxh2 c5 56. Kg2 Kd7 57. Kf3 Kc6 58. Ke2 Kb5 59. Kd3 Kb4 60. f3 Kb3 61. Nd2+ Kb4 62. Nc4 Bb8 63. Ne3 Kb3 64. Nc4 Bc7 65. Nd2+ Kb4 66. Nc4 1/2-1/2